| 000 | 00800nam a2200253 a 4500 | ||
|---|---|---|---|
| 001 | 75880 | ||
| 003 | BD-RjUL | ||
| 005 | 20211209082746.0 | ||
| 008 | 190825r19711967ilua b 001 0 eng | ||
| 035 | _a(BD-RjUL)15568 | ||
| 040 |
_aDLC _cDLC _dDLC _dBD-RjUL _beng |
||
| 041 | _aeng | ||
| 082 | 0 | 0 |
_a658.5 _bBRP 1971 |
| 100 | 1 |
_aBroom, H. N. _q(Halsey N.) _948173 |
|
| 245 | 1 | 0 |
_aProduction management / _c H. N. Broom. |
| 260 |
_aHomewood, Ill. ; _aBombay: _bR. D. Irwin, _bD.B. Taraporevala Sons & Co. _cc1967 [Indian reprint 1971] |
||
| 300 |
_axvi, 814 p. : _billus. ; _c24 cm. |
||
| 490 | 0 | _aThe Irwin series in management | |
| 504 | _aBibliographical footnotes and index. | ||
| 650 | 0 |
_aProduction management. _948174 |
|
| 942 |
_2ddc _cBK |
||
| 999 |
_c75880 _d75880 |
||